[Event "17th Reykjavik op"]
[Site "Reykjavik ISL"]
[Date "1996.03.02"]
[Round "1.27"]
[White "Thorarinsson, Pall"]
[Black "Andreasen, Per"]
[Result "1-0"]
[WhiteElo "2065"]
[BlackElo "2325"]
[EventDate "1996.03.02"]
[PlyCount "41"]

1.d4 {Mowsziszian,K} 1...g6 2.e4 Bg7 3.Nc3 d6 4.h3 Nf6 5.Nf3 O-O 6.Be2 c6 
7.a4 Nbd7 8.O-O e5 ( 8...Qc7 {Mowsziszian,K} 9.Re1 e5 10.Bf1 exd4 11.Nxd4 
Re8 12.Bf4 Nc5 $6 13.Ndb5 $1 cxb5 14.Bxd6 Qa5 $8 ( 14...Qc6 $2 15.Bxb5 ) (
14...Qb6 $2 15.a5 ) 15.axb5 Qb6 16.e5 Bf5 $1 ( 16...Nfd7 17.Nd5 Qd8 18.Nc7
$16 ) 17.exf6 ( 17.Bxc5 Qxc5 18.exf6 Bxf6 $44 ) 17...Rxe1 18.Qxe1 Qxd6 19.
fxg7 Bxc2 20.Qe3 b6 $2 ( 20...Kxg7 $1 21.b6 Qxb6 22.Nd5 Qxb2 23.Ra2 Qxa2 
24.Qd4+ Kg8 25.Nf6+ Kg7 26.Nd7+ Kg8 27.Nf6+ $10 ) ( 20...Bb3 $5 ) 21.Qf3 
Rd8 22.Bc4 Bf5 $1 23.Rxa7 Rd7 24.Rxd7 Nxd7 25.Qc6 Qb4 $4 ( 25...Qd4 26.Qd5
Qxg7 $10 ) 26.g4 Kxg7 27.gxf5 Ne5 28.f6+ Kh6 29.Qe4 {1-0 Lutz -Mowsziszian
.Passau1996} ) 9.dxe5 dxe5 ( 9...Nxe5 $5 10.Nxe5 ( 10.Nd4 Re8 11.f4 Ned7 
12.Bf3 Nc5 $132 ) ( 10.Bf4 Be6 $2 ( 10...Qe7 $10 ) 11.Nxe5 dxe5 12.Qxd8 
Raxd8 13.Bxe5 Rfe8 14.f4 Nh5 15.Bxg7 Nxg7 16.Rad1 f5 17.Rxd8 Rxd8 18.Rd1 
Rxd1+ 19.Bxd1 a5 20.Kf2 Kf8 21.g4 Ke7 22.Ke3 $18 {Borik,O-Luetke,J/BL 
9192/1991/} ) 10...dxe5 11.Qxd8 Rxd8 12.Be3 Be6 13.Rfd1 Re8 14.a5 Bf8 $10 
{Exchanges usually favor the defending side. By keeping more pieces on 
board Black makes things difficult for himself.} ) 10.Be3 Qe7 11.Qd3 $5 
Nh5 ( 11...Rd8 12.Qc4 Nf8 13.Qa2 Be6 14.Bc4 $36 ) 12.a5 ( 12.Rfd1 Nf4 13.
Qd6 Nxe2+ 14.Nxe2 Bf6 15.Qxe7 ( 15.a5 Qxd6 16.Rxd6 Be7 17.Rdd1 f6 18.Nd2 
Nc5 19.b4 Na6 20.c3 Be6 21.Rab1 Rfd8 22.Nc1 Rd7 23.Ncb3 Rad8 24.Rdc1 Rd3 
25.Rc2 Nc7 26.Bxa7 Nb5 27.Bb6 R8d7 $36 {Van der Werf,M-Van Wely,L/Wijk 
op/1993/} ) 15...Bxe7 16.Nd2 Nc5 17.Nc4 f6 18.Nc3 Be6 19.Nd6 b6 20.a5 Rfd8
21.Bxc5 bxc5 22.Nb7 Rd4 23.Na4 Rc4 24.c3 Rxa4 25.Rxa4 a6 26.b4 cxb4 27.
cxb4 Bb3 28.Rd7 $16 {Browne-Rohde/Estes Park ch-US/1987/} ) 12...Nc5 ( 
12...Nf4 $142 $5 13.Qc4 ( 13.Bxf4 exf4 14.Rfd1 Ne5 $15 {[%csl Gc8,Gg7] i} 
) ( 13.Qd2 Nxe2+ 14.Qxe2 f5 $132 ) 13...Qf6 14.Rfd1 Re8 15.Qa4 Nf8 16.Bxf4
Qxf4 17.Nd5 cxd5 18.Qxe8 dxe4 19.Rd8 exf3 20.Bxf3 e4 21.Be2 Qc7 $13 {
E/Tregubov,P-Poluljahov,A/RUS-ch Orel/1992/} ) 13.Qc4 Na6 $6 $146 ( 13...
Ne6 14.Rfd1 Re8 15.Rd2 Nef4 16.Bf1 Qf6 17.Nh2 Bf8 18.Ne2 Bh6 19.Ng4 Bxg4 
20.hxg4 Nxe2+ 21.Qxe2 Nf4 22.Qf3 Bg5 23.Rad1 a6 24.Rd7 Rad8 25.g3 Ne6 26.
Qxf6 Bxf6 27.c3 Rxd7 28.Rxd7 Re7 29.Rd6 Kf8 30.Bc4 $14 {[%csl Gc4,Ge3] i 
i,Luetke,J-Cuijpers,F/2BLW 9091/1991/} ) 14.Qa4 $1 {[%cal Re2a6,Ra4c6] 
iia6,i c6} 14...Nc7 $8 15.Qa3 Qf6 $6 {Loses a lot of tempi. An unpleasant 
endgame gave better chances.} ( 15...Qxa3 16.Rxa3 Nf4 17.Bc4 $32 $36 ( 17.
Bc4 Be6 $10 ) ) 16.Bg5 $1 Qe6 17.Be7 Re8 18.Bd6 Bf8 ( 18...Na6 $142 {[%cal
Rh5f4] ii f4i} 19.g3 $5 $16 Qxh3 $2 20.Ng5 Qd7 21.Bc4 $18 ) 19.Bxf8 Rxf8 
20.Ng5 Qf6 $2 ( 20...Qe8 $8 21.Bxh5 gxh5 22.Qd6 ( 22.f4 $6 f6 $13 ) ( 22.
Ne2 $16 {Mowsziszian,K} ) 22...Ne6 23.Nxe6 ( 23.Qxe5 $2 f6 ) 23...Qxe6 24.
Rad1 Qxd6 25.Rxd6 $16 {[%cal Yc3a4,Ya4c5,Ra5a6,Yf2f4] ia6,f4,i a4-c5} ) 
21.Qxf8+ ( 21.Qxf8+ Kxf8 22.Nxh7+ $18 ) 1-0

[Event "17th Reykjavik op"]
[Site "Reykjavik ISL"]
[Date "1996.03.02"]
[Round "1.28"]
[White "Olsen, Heini"]
[Black "Thorfinnsson, Bjoern"]
[Result "1/2-1/2"]
[WhiteElo "2325"]
[BlackElo "2060"]
[EventDate "1996.03.02"]
[PlyCount "67"]

1.d4 Nf6 2.c4 e6 3.Nf3 b6 4.g3 Ba6 5.Nbd2 Bb4 6.Qc2 O-O 7.Bg2 d5 8.O-O c6 
9.b3 Nbd7 10.Bb2 Rc8 11.Rac1 Qe7 12.e4 c5 13.exd5 exd5 14.Rfe1 Qd6 15.a3 
Bxd2 16.dxc5 Nxc5 17.Nxd2 dxc4 18.Nxc4 Qd3 19.Bh3 Qxc2 20.Rxc2 Rcd8 21.
Bxf6 gxf6 22.b4 Nd3 23.Rd1 Nxf2 24.Rxd8 Nxh3+ 25.Kg2 Rxd8 26.Kxh3 Bc8+ 27.
Kg2 Be6 28.Rd2 Rc8 29.Nd6 Rc3 30.Nb5 Rb3 31.Nxa7 Rxa3 32.Nb5 Rb3 33.Rd4 f5
34.Nc7 1/2-1/2

[Event "17th Reykjavik op"]
[Site "Reykjavik ISL"]
[Date "1996.03.03"]
[Round "2"]
[White "Bronstein, David"]
[Black "Gulko, Boris"]
[Result "1/2-1/2"]
[WhiteElo "2455"]
[BlackElo "2615"]
[EventDate "1996.03.02"]
[PlyCount "39"]

1.e4 c6 2.d4 d5 3.Nc3 dxe4 4.Nxe4 Nd7 5.c3 Ngf6 6.Ng3 e6 7.Nf3 Bd6 8.Bd3 
b6 9.Qe2 O-O 10.Ne4 Be7 11.Ne5 Bb7 12.Ng5 h6 13.Ngf3 c5 14.O-O a6 15.Bf4 
cxd4 16.cxd4 Nd5 17.Bd2 Nb4 18.Bxb4 Bxb4 19.Rac1 Nxe5 20.dxe5 1/2-1/2

[Event "17th Reykjavik op"]
[Site "Reykjavik ISL"]
[Date "1996.03.03"]
[Round "2"]
[White "Borge, Nikolaj"]
[Black "Rozentalis, Eduardas"]
[Result "1/2-1/2"]
[WhiteElo "2455"]
[BlackElo "2605"]
[EventDate "1996.03.02"]
[PlyCount "60"]

1.e4 e5 2.Nf3 Nf6 3.d4 Nxe4 4.Bd3 d5 5.Nxe5 Bd6 6.O-O Bxe5 7.dxe5 Nc5 8.
Nc3 c6 9.Ne2 O-O 10.b3 Bg4 11.Ba3 Nbd7 12.f3 Bh5 13.Nf4 Bg6 14.Bxg6 hxg6 
15.Nd3 b6 16.f4 Qe7 17.Rf3 a5 18.Qf1 a4 19.Bb4 axb3 20.axb3 Qe6 21.Rc1 
Nxd3 22.Rxd3 c5 23.Be1 g5 24.f5 Qxe5 25.Bg3 Qe4 26.Re1 Qb4 27.Rxd5 Nf6 28.
Rd3 Rfe8 29.c4 Rad8 30.Red1 Rxd3 1/2-1/2

[Event "17th Reykjavik op"]
[Site "Reykjavik ISL"]
[Date "1996.03.03"]
[Round "2"]
[White "Gretarsson, Helgi Ass"]
[Black "Petursson, Margeir"]
[Result "1/2-1/2"]
[WhiteElo "2450"]
[BlackElo "2585"]
[EventDate "1996.03.02"]
[PlyCount "198"]

1.d4 Nf6 2.c4 e6 3.Nf3 Bb4+ 4.Bd2 c5 5.a3 Bxd2+ 6.Qxd2 cxd4 7.Nxd4 O-O 8.
Nc3 d5 9.e3 dxc4 10.Bxc4 a6 11.a4 Bd7 12.O-O Nc6 13.Nxc6 Bxc6 14.Qxd8 
Rfxd8 15.Rfd1 Kf8 16.f3 Ke7 17.Kf2 Rdc8 18.b3 Nd7 19.e4 Ne5 20.Be2 Be8 21.
Rdc1 Nc6 22.Ke3 Nb4 23.Bc4 Rc5 24.Na2 Nxa2 25.Rxa2 Rac8 26.Rac2 a5 27.Ra1 
R8c7 28.Rd2 g5 29.g3 Rd7 30.Rd4 b6 31.Ra2 h6 32.Rb2 Rcc7 33.Rb1 Rxd4 34.
Kxd4 Bc6 35.Ke3 Bxa4 36.Bxe6 Bb5 37.Bc4 Bd7 38.Kd2 Rc5 39.Bd3 Rc7 40.Bc4 
f6 41.h4 b5 42.Be2 gxh4 43.gxh4 Kd6 44.Rg1 a4 45.bxa4 bxa4 46.Rg8 Ra7 47.
Bc4 a3 48.Rg6 a2 49.Bxa2 Rxa2+ 50.Ke3 Ra3+ 51.Kf4 Ke6 52.Rxh6 Bb5 53.Rg6 
Be8 54.Rg2 Bh5 55.Rf2 Ra1 56.Rd2 Ra3 57.Rf2 Kf7 58.Rf1 Kg7 59.Rf2 Be8 60.
Rb2 Bh5 61.Rf2 Bf7 62.Rc2 Ra1 63.Rc7 Rh1 64.e5 fxe5+ 65.Kxe5 Rxh4 66.f4 
Rh1 67.f5 Ra1 68.Rb7 Ra6 69.Rc7 Ra5+ 70.Kf4 Kf8 71.Kg5 Kg7 72.Kf4 Kf6 73.
Rc6+ Ke7 74.Rc7+ Ke8 75.Kg5 Be6 76.Kf4 Bxf5 77.Rb7 Bd7 78.Rb8+ Ke7 79.Rh8 
Be6 80.Ke4 Kd6 81.Rd8+ Bd7 82.Kd4 Ra4+ 83.Ke3 Ke6 84.Rh8 Ke5 85.Rh5+ Bf5 
86.Kd2 Rc4 87.Rh8 Rc2+ 88.Ke3 Rc3+ 89.Kd2 Rd3+ 90.Ke1 Rb3 91.Kd2 Be4 92.
Rd8 Bd5 93.Ke2 Ke4 94.Re8+ Kd4 95.Kf2 Rf3+ 96.Ke2 Rh3 97.Kf2 Rh2+ 98.Kg3 
Rg2+ 99.Kf4 Rg1 1/2-1/2

[Event "17th Reykjavik op"]
[Site "Reykjavik ISL"]
[Date "1996.03.03"]
[Round "2"]
[White "Vidarsson, Jon"]
[Black "Van der Sterren, Paul"]
[Result "1/2-1/2"]
[WhiteElo "2340"]
[BlackElo "2535"]
[EventDate "1996.03.02"]
[PlyCount "176"]

1.e4 e5 2.Nf3 Nc6 3.Bb5 a6 4.Ba4 Nf6 5.Qe2 Be7 6.O-O b5 7.Bb3 d6 8.c3 O-O 
9.Rd1 Na5 10.Bc2 c5 11.d4 Qc7 12.d5 Nc4 13.b3 Nb6 14.Nbd2 Nh5 15.Nf1 g6 
16.Bh6 Ng7 17.h3 Bd7 18.Qd2 f6 19.N3h2 c4 20.Rac1 Rfc8 21.Bb1 a5 22.f4 
cxb3 23.axb3 a4 24.fxe5 fxe5 25.b4 Nc4 26.Qe2 Qb6+ 27.Kh1 Rf8 28.Ne3 Nh5 
29.Nhf1 Rf7 30.Nxc4 bxc4 31.Kh2 Rf2 32.Qe3 Qxe3 33.Bxe3 Rf7 34.Nd2 Bb5 35.
Ba2 Rc8 36.Nb1 Bh4 37.Na3 Bg3+ 38.Kg1 Rb7 39.Ra1 Nf4 40.Rd2 g5 41.Bf2 
Bxf2+ 42.Rxf2 h5 43.Nxb5 Rxb5 44.Bb1 Ra8 45.Ra3 Rb7 46.Bc2 h4 47.Bd1 Rf7 
48.Rfa2 Raf8 49.Bg4 Kg7 50.Rxa4 Nd3 51.Ra7 Rb8 52.Rxf7+ Kxf7 53.Ra7+ Kf6 
54.Ra6 Ke7 55.Be2 Nf4 56.Bxc4 Rc8 57.Rc6 Rxc6 58.dxc6 Kd8 59.Kf2 Nh5 60.
Bd5 Kc7 61.c4 Kb6 62.Kf3 Nf6 63.Ke3 Nh5 64.b5 Kc7 65.Bf7 Nf6 66.Kd3 Kb6 
67.Bg6 Kc7 68.Kc3 Kb6 69.c5+ dxc5 70.Kc4 g4 71.hxg4 Nxg4 72.Kd5 c4 73.Kd6 
Nf6 74.c7 Kb7 75.Bf7 c3 76.Bb3 Ne8+ 77.Kxe5 Nxc7 78.Kf6 Nxb5 79.e5 Nd4 80.
Bd1 c2 81.Bxc2 Nxc2 82.e6 Ne3 83.e7 Nd5+ 84.Kf7 Nxe7 85.Kxe7 Kc7 86.Kf6 
Kd8 87.Kg5 h3 $1 $8 {Verwandelt den guten g-i in einen schlechten h-i} ( 
87...Ke8 $4 88.Kxh4 Kf8 89.Kh5 Kg7 90.Kg5 $18 ) 88.gxh3 Ke8 $10 1/2-1/2

[Event "17th Reykjavik op"]
[Site "Reykjavik ISL"]
[Date "1996.03.03"]
[Round "2"]
[White "Stefansson, Hannes Hlifar"]
[Black "Gretarsson, Andri Ass"]
[Result "1-0"]
[WhiteElo "2540"]
[BlackElo "2330"]
[EventDate "1996.03.02"]
[PlyCount "81"]

1.e4 c5 2.Nf3 d6 3.d4 cxd4 4.Nxd4 Nf6 5.Nc3 a6 6.f4 Qc7 7.Nf3 Nbd7 8.a4 g6
9.Bd3 Bg7 10.O-O O-O 11.Qe1 e5 12.Kh1 b6 13.Qh4 Bb7 14.f5 Rae8 15.Bh6 Nh5 
16.Bg5 Bf6 17.g4 Bxg5 18.Nxg5 Nhf6 19.Qh6 Re7 20.Rf3 Rc8 21.Raf1 Qd8 22.
fxg6 fxg6 23.Rxf6 Nxf6 24.Rxf6 Rg7 25.Rf3 Qd7 26.Qh4 Qe7 27.Kg2 Qd7 28.Kg3
Qe7 29.Nd5 Bxd5 30.exd5 a5 31.Ne4 Rd8 32.Qxe7 Rxe7 33.Rf6 Red7 34.g5 Kg7 
35.h4 Kg8 36.Bb5 Rc7 37.Bc6 Rf7 38.Rxd6 Rxd6 39.Nxd6 Rf4 40.Nb7 Rc4 41.d6 
1-0

[Event "17th Reykjavik op"]
[Site "Reykjavik ISL"]
[Date "1996.03.03"]
[Round "2"]
[White "Hector, Jonny"]
[Black "Gislason, Gudmundur"]
[Result "1-0"]
[WhiteElo "2520"]
[BlackElo "2305"]
[EventDate "1996.03.02"]
[PlyCount "145"]

1.e4 c5 2.Nc3 d6 3.f4 Nc6 4.Nf3 Nf6 5.Bb5 Bd7 6.e5 dxe5 7.fxe5 Ng4 8.Qe2 
Nh6 9.Ne4 e6 10.d4 Nf5 11.dxc5 a6 12.Bd3 Bxc5 13.Nxc5 Qa5+ 14.c3 Qxc5 15.
Bf4 Nce7 16.g4 Nd5 17.Bd2 Nfe7 18.Ng5 Qc7 19.c4 Nb6 20.Bb4 Nbc8 21.Rf1 Nc6
22.Bc3 Nd8 23.O-O-O h6 24.Ne4 b5 25.cxb5 axb5 26.Bxb5 Bc6 27.Qc4 O-O 28.
Rxd8 Qxd8 29.Bxc6 Nb6 30.Qb3 Rc8 31.Bb7 Rb8 32.Nd6 Nd5 33.Bd2 Qc7+ 34.Kb1 
Qc5 35.Qc2 Qd4 36.Bxd5 Qxd5 37.Bc3 Ra8 38.a4 Rxa4 39.Qxa4 Qd3+ 40.Ka2 Qxf1
41.Qe4 Qd1 42.Nb5 Rb8 43.Qc4 Ra8+ 44.Na3 Ra4 45.Bb4 Ra8 46.h4 Qd8 47.h5 
Rc8 48.Qe4 Qd1 49.Bd6 Rc1 50.Qa8+ Kh7 51.Qe4+ Kg8 52.Qa8+ Kh7 53.Qe4+ Kg8 
54.Nb1 Qf1 55.Qa8+ Kh7 56.Qe4+ Kg8 57.Nc3 Re1 58.Qd4 Qg2 59.Bb4 Rg1 60.Bc5
Qa8+ 61.Qa4 Qxa4+ 62.Nxa4 Rxg4 63.b4 g6 64.Kb3 gxh5 65.b5 Kh7 66.b6 h4 67.
b7 Rg8 68.Bg1 h3 69.Bh2 Kg6 70.Kc4 Rd8 71.Nc5 Kf5 72.Nd7 Ke4 73.b8=Q 1-0

[Event "17th Reykjavik op"]
[Site "Reykjavik ISL"]
[Date "1996.03.03"]
[Round "2"]
[White "Ulfarsson, Magnus Oern"]
[Black "Gausel, Einar"]
[Result "0-1"]
[WhiteElo "2290"]
[BlackElo "2515"]
[EventDate "1996.03.02"]
[PlyCount "54"]

1.e4 e6 2.d4 d5 3.Nc3 Nf6 4.e5 Nfd7 5.f4 c5 6.Nf3 Nc6 7.Be3 cxd4 8.Nxd4 
Bc5 9.Qd2 O-O 10.O-O-O a6 11.h4 Bxd4 12.Bxd4 b5 13.Kb1 ( 13.Bg1 $1 {Ich 
wei@F zwar nicht warum der i gerade nach g1 mu@ , aber die Bewahrung 
desselben gefaellt mir besser als das bisher gespielte 13.h5 (so schrieb 
ich 1990; Nachahmer hat Wasiukovs Idee aber bisher nicht gefunden).} 13...
b4 ( 13...Qa5 14.Kb1 b4 15.Ne2 Nc5 16.Nd4 Ne4 17.Qe1 Nxd4 18.Bxd4 Rb8 19.
Ka1 {i id3i} ) 14.Na4 Qc7 15.Kb1 a5 16.h5 Na7 17.h6 g6 18.Rc1 $16 {1-0 
Vasiukov,E-Dizdar,G/Voskresensk ;CBM 19 1990 (38) Bei einer kaum zu 
vermeidenden Oeffnung der Stellung wird Schwarz Probleme mit der 
Grundreihe bekommen.} ) 13...b4 14.Na4 Qa5 15.b3 Nxd4 16.Qxd4 Bb7 {Es gibt
eine aehnliche Stellung, da hat Wei@ung, statt ib1 das wertvollere i h3 
gespielt und hat dann 17.c3!} 17.h5 ( 17.Rh3 Bc6 $13 ) 17...Rac8 18.Bd3 
Bc6 19.f5 $5 ( 19.Nb2 $10 ) 19...Qc7 {Das ist typisch: Mit f4-f5 hat Wei@ 
den ie5 der Stuetze beraubt und Schwarz greift ihn an.} ( 19...Bxa4 20.f6 
( 20.fxe6 fxe6 21.h6 g6 22.Qg4 Kh8 ) 20...gxf6 21.exf6 Kh8 22.Qf4 Rg8 23.
Qh6 Nf8 24.Rh4 Qc7 $1 ( 24...Rc3 $2 25.Rg4 $3 Rxd3 26.Rxg8+ Kxg8 27.Qg7# )
( 24...Bd7 $2 25.Rg4 $3 Rxg4 26.Bg6 $1 {mit #6 (Fritz)} ) 25.bxa4 $13 ( 
25.Rg4 $2 Rxg4 26.Bg6 Rxg6 27.hxg6 Qxc2+ $19 ) ) 20.fxe6 fxe6 21.h6 g6 22.
Qg4 Bxa4 23.Bxg6 $2 ( 23.Qxe6+ Kh8 24.bxa4 Nxe5 ( 24...Nc5 25.Qd6 Qxd6 26.
exd6 Rfd8 27.Rhe1 Rxd6 $13 ) 25.Qxd5 $10 ) 23...Nxe5 $19 24.Bf7+ {Sehr 
sch@F n, aber es funktioniert nicht.} 24...Kxf7 25.Rhf1+ Ke7 26.Qxb4+ Qc5
27.Qh4+ Kd6 0-1

[Event "17th Reykjavik op"]
[Site "Reykjavik ISL"]
[Date "1996.03.03"]
[Round "2"]
[White "Tisdall, Jonathan"]
[Black "Jonasson, Benedikt"]
[Result "1-0"]
[WhiteElo "2510"]
[BlackElo "2280"]
[EventDate "1996.03.02"]
[PlyCount "103"]

1.Nf3 Nf6 2.c4 c5 3.g3 Nc6 4.Bg2 d6 5.d4 cxd4 6.Nxd4 Bd7 7.O-O g6 8.Nc3 
Bg7 9.e3 Qc8 10.b3 Bh3 11.Bb2 Bxg2 12.Kxg2 O-O 13.Rc1 Re8 14.Re1 Qd7 15.
Nf3 Rad8 16.Qe2 Ne5 17.Nxe5 dxe5 18.Red1 Qc6+ 19.Kg1 e6 20.Rxd8 Rxd8 21.
Rd1 Rxd1+ 22.Qxd1 h5 23.Nb5 a6 24.Qd8+ Kh7 25.Bxe5 Qe4 26.Bxf6 Qb1+ 27.Kg2
Qe4+ 28.Kf1 Qb1+ 29.Kg2 axb5 30.Bxg7 Kxg7 {[#] D-D: 1 wei@ er Mehrbauer; 
Fehler Zug 31 und 33; K-Aktivierung zwecks Matt- angriff; ANALYSE 
Bauernendspiel bei D-Tausch Zug 42} 31.Qd2 b4 $6 ( 31...bxc4 32.Qc3+ ( 32.
bxc4 Qe4+ $10 ) 32...Kh7 33.Qxc4 Qxa2 34.Qc7 Qxb3 35.Qxf7+ Kh6 ( 35...Kh8 
$5 36.Qxg6 b5 37.Qxh5+ Kg7 $132 ) 36.h4 $14 ) 32.Qxb4 Qxa2 ( 32...Qe4+ 33.
Kf1 Qb1+ 34.Ke2 Qxa2+ 35.Kf3 Qb1 36.Qc3+ $16 ) 33.Kf3 $2 ( 33.Qxb7 $18 ) 
33...Qb1 34.Qc3+ Kg8 35.Kg2 Qe4+ 36.f3 Qb1 37.e4 Qa2+ 38.Kh3 Qf2 39.Qf6 
Qc2 40.Kh4 Qxb3 ( 40...Qxh2+ 41.Kg5 Qxg3+ 42.Kh6 Kf8 43.Qd8# ) 41.Kg5 Qe3+
42.Qf4 {} 42...Qc5+ ( 42...Qxf4+ $5 {ANALYSE!} 43.Kxf4 Kf8 ( 43...f6 44.
e5 Kf7 45.h4 b6 ( 45...f5 46.Kg5 Kg7 47.c5 $18 ) ( 45...fxe5+ 46.Kxe5 Ke7 
47.c5 Kd7 48.g4 Kc6 49.gxh5 gxh5 50.Kxe6 Kxc5 51.f4 b5 52.f5 b4 53.f6 b3 
54.f7 b2 55.f8=Q+ $18 ) 46.exf6 Kxf6 47.Ke4 Kf7 48.Ke5 Ke7 49.g4 Kd7 50.g5
Ke7 51.f4 $18 ) 44.e5 b6 ( 44...Ke7 45.Kg5 Kd7 46.Kf6 Kc6 47.Kxf7 Kc5 48.
Kxe6 Kxc4 49.Kf6 b5 50.e6 $18 ) 45.Kg5 Kg7 46.h4 Kg8 47.Kf6 Kf8 48.g4 $18 
) 43.Kf6 Qxc4 ( 43...Qc8 44.Qd6 Qe8 45.Qe7 $18 ) 44.Qb8+ Kh7 45.Qxb7 Kh6 (
45...Qd4+ 46.e5 Qd8+ 47.Kxf7 Qg8+ 48.Kf6+ $18 ) 46.Qa8 Qc3+ 47.e5 Kh7 48.
Kxf7 Qc7+ 49.Kf6 Qg7+ 50.Kxe6 g5 51.Qd8 g4 52.f4 1-0

[Event "17th Reykjavik op"]
[Site "Reykjavik ISL"]
[Date "1996.03.03"]
[Round "2"]
[White "Sigurjonsson, Stefan Thor"]
[Black "Djurhuus, Rune"]
[Result "0-1"]
[WhiteElo "2125"]
[BlackElo "2505"]
[EventDate "1996.03.02"]
[PlyCount "114"]

1.e4 {Ftacnik} 1...e6 2.d4 d5 3.exd5 exd5 4.Bd3 c5 {Dieser aggressive Zug 
bereitet den Wei@tet en meistens Schwierigkeiten. Dabei ist es eigentlich 
ganz leicht: i f3, c3, 0-0 und auf c5 wird erst genommen, wenn Schwarz den
if8 gezogen hat. Vor c5-c4 mu@4 sich Wei@ nicht fuerchten; zuerst wird der
i von d3 weggezogen und dann mit b2-b3 "geknackt".} 5.dxc5 Bxc5 $10 6.Nf3 
Ne7 7.c3 {Nach der dann unumgaenglichen Entwicklung des i b1 nach d2 hat 
Wei@ in die Tarraschvariante 3.i d2 eingelenkt; Schwarz hat aber ein Tempo
gespart, weil der if8 direkt nach c5 geschlagen hat.} 7...Nbc6 8.h3 {
Verhindert ig4, aber schwaecht das Feld g3.} 8...O-O 9.O-O Qd6 {Ich wuerde
lieber die schwarzen Steine fuehren, aber von Vorteil kann noch keine Rede
sein.} 10.Nbd2 a6 11.Nb3 Bb6 12.Nbd4 Bc7 13.Bc2 Ng6 14.Qd3 Re8 15.Nf5 Bxf5
16.Qxf5 Re6 17.g3 $2 ( 17.Rd1 Rae8 ( 17...d4 18.cxd4 Nxd4 $2 19.Rxd4 Qxd4 
20.Qxe6 $18 ) 18.Bg5 $13 ) 17...Rae8 18.Rd1 Bb6 $1 {Droht nicht nur i xg3+
sondern auch ixf2+!} 19.Bf4 ( 19.Kg2 Bxf2 20.Kxf2 Re2+ 21.Kf1 Qxg3 $19 ) 
19...Nxf4 20.Qxh7+ Kf8 21.Qh8+ Ke7 22.Qh4+ Rf6 23.gxf4 Qxf4 24.Qxf4 Rxf4 
25.Kg2 $2 ( 25.Re1+ Kd7 26.Rxe8 Kxe8 27.Re1+ Kd7 28.Kg2 f6 $15 ) 25...Ne5 
$1 $19 {Wei@2+! bekommt nun keine Chance mehr.} 26.Re1 Kd6 27.Bd1 Re6 28.
Kg3 Bxf2+ $1 29.Kxf2 ( 29.Kxf4 Nd3+ $19 ) 29...Nd3+ 30.Kg3 Rg6+ $1 ( 30...
Rxf3+ 31.Bxf3 Rxe1 $2 32.Rxe1 Nxe1 33.Be2 Ke5 34.Kf2 Nc2 35.Bd3 Na1 $13 ) 
31.Ng5 ( 31.Kh2 {Ftacnik} 31...Nxe1 32.Nxe1 Rf2+ 33.Kh1 Rf1+ 34.Kh2 Rxe1 
$19 ) 31...Rxg5+ 32.Bg4 Rfxg4+ ( 32...Re4 {Ftacnik} 33.Rf1 f6 $17 ) ( 
32...Nxe1 {Ftacnik} 33.Kxf4 Re5 34.Rd1 f5 $17 ) 33.hxg4 Nxe1 34.Rxe1 f5 
35.Kf4 Rxg4+ 36.Kxf5 Rg2 37.Re6+ Kc5 38.b3 Rxa2 39.Rg6 Ra3 40.b4+ Kc4 41.
Rxg7 Rxc3 42.Rxb7 d4 43.Rb6 Rf3+ 44.Ke4 Re3+ 45.Kf4 Re8 46.Rxa6 Kxb4 47.
Kf3 d3 48.Rc6 d2 49.Rd6 Kc3 50.Rc6+ Kb3 51.Rb6+ Kc2 52.Rc6+ Kd1 53.Rh6 Rc8
54.Ra6 Kc1 55.Ra1+ Kb2 56.Rg1 Rc1 57.Rg2 Kc3 0-1

[Event "17th Reykjavik op"]
[Site "Reykjavik ISL"]
[Date "1996.03.03"]
[Round "2"]
[White "Gulko, Anna"]
[Black "Einarsson, Bergsteinn"]
[Result "0-1"]
[WhiteElo "2385"]
[BlackElo "2175"]
[EventDate "1996.03.02"]
[PlyCount "72"]

1.d4 Nf6 2.c4 e6 3.Nc3 Bb4 4.e3 O-O 5.Bd3 c5 6.Nf3 d5 7.O-O Nc6 8.a3 Bxc3 
9.bxc3 dxc4 10.Bxc4 Qc7 11.Ba2 Rd8 12.Qc2 b6 13.e4 Ba6 14.e5 Bxf1 15.exf6 
Ba6 16.Ng5 g6 {} 17.Nxe6 $1 fxe6 18.Bxe6+ Kh8 ( 18...Kf8 19.Bh6+ Ke8 20.
Qe4 $16 ) 19.Bh6 Rd7 ( 19...Rg8 20.d5 Ne5 21.Qe4 Nf7 ( 21...Bd3 22.Qe3 $16
) 22.d6 Qxd6 23.Bxf7 Qxf6 24.Bxg8 Rxg8 25.Bf4 Bb7 26.Be5 $18 ) 20.d5 Nd8 (
20...Ne5 21.Qe4 Bd3 22.Qe3 Rad8 ( 22...Re8 23.Bf4 Rxe6 24.dxe6 Rd5 25.f7 
$18 ) 23.Re1 $18 ) 21.Qa4 Nxe6 ( 21...Bc8 22.Bg7+ Rxg7 23.Qe8+ ) 22.dxe6 
b5 ( 22...Rd6 23.Re1 ( 23.Bg7+ Kg8 24.f7+ Kxg7 25.Qe8 Rxe8 26.fxe8=N+ Kf8 
27.Nxc7 Bc4 ) 23...Qc8 24.Qe4 Qxe6 25.Qxe6 Rxe6 26.Rxe6 $18 ) 23.Qxa6 Rd6 
24.Qxb5 Rxe6 25.Bg7+ Kg8 26.h4 $16 Rae8 27.Qc4 h5 28.Rf1 Kh7 29.f4 Kg8 30.
f5 gxf5 31.Rxf5 Qf7 32.Qxc5 Re1+ 33.Kh2 R8e2 34.Rxh5 Rxg2+ 35.Kxg2 Qa2+ 
36.Kf3 Qe2+ 0-1

[Event "17th Reykjavik op"]
[Site "Reykjavik ISL"]
[Date "1996.03.03"]
[Round "2"]
[White "Olafsson, Helgi"]
[Black "Thorarinsson, Pall"]
[Result "1-0"]
[WhiteElo "2485"]
[BlackElo "2065"]
[EventDate "1996.03.02"]
[PlyCount "51"]

1.Nf3 Nf6 2.d4 e6 3.Bg5 c5 4.e3 b6 5.d5 exd5 6.Nc3 Bb7 7.Nxd5 Bxd5 8.Bxf6 
Qxf6 9.Qxd5 Nc6 10.O-O-O Qe6 11.Bb5 Qxd5 12.Rxd5 Be7 13.Rhd1 O-O-O 14.Bxc6
dxc6 15.Rxd8+ Rxd8 16.Rxd8+ Bxd8 17.Ne5 Bf6 18.Nxf7 Kd7 19.f4 h6 20.f5 Ke7
21.Nh8 Bg5 22.Kd2 Kf6 23.g4 h5 24.h3 hxg4 25.hxg4 Bh4 26.Ke2 1-0

[Event "17th Reykjavik op"]
[Site "Reykjavik ISL"]
[Date "1996.03.03"]
[Round "2"]
[White "Bjarnason, Saevar"]
[Black "Bjornsson, Bjorn Freyr"]
[Result "1-0"]
[WhiteElo "2305"]
[BlackElo "2230"]
[EventDate "1996.03.02"]
[PlyCount "85"]

1.e4 e5 2.Nf3 Nc6 3.Bb5 a6 4.Ba4 Nf6 5.d3 d6 6.c3 g6 7.O-O Bg7 8.Re1 O-O 
9.Bxc6 bxc6 10.d4 Nd7 11.Nbd2 exd4 12.cxd4 c5 13.Nc4 cxd4 14.Nxd4 Nc5 15.
e5 dxe5 16.Nxe5 Bb7 17.Bf4 Qd5 18.Ndf3 Ne6 19.Bg3 Rad8 20.Qxd5 Rxd5 21.
Rac1 c5 22.Nc4 Rfd8 23.Nfe5 Bh6 24.Rb1 Bf4 25.Bxf4 Nxf4 26.Na5 Re8 27.Ng4 
Rxe1+ 28.Rxe1 Rg5 29.Nf6+ Kg7 30.Ne8+ Kf8 31.Nxb7 Rxg2+ 32.Kh1 Rxf2 33.
Nxc5 Rxb2 34.Nd7+ Kg8 35.a4 Ra2 36.Nc5 Nh3 37.Nf6+ Kg7 38.Nfe4 f5 39.Ne6+ 
Kh6 40.Re3 Ra1+ 41.Kg2 Nf4+ 42.Nxf4 Rxa4 43.Nc5 1-0

[Event "17th Reykjavik op"]
[Site "Reykjavik ISL"]
[Date "1996.03.03"]
[Round "2"]
[White "Andreasen, Per"]
[Black "Werner, Bernd-Michael"]
[Result "1-0"]
[WhiteElo "2325"]
[BlackElo "2165"]
[EventDate "1996.03.02"]
[PlyCount "103"]

1.c4 Nf6 2.Nf3 g6 3.g3 Bg7 4.Bg2 d6 5.O-O O-O 6.Nc3 e5 7.Rb1 a5 8.a3 Re8 
9.d3 Nbd7 10.b4 axb4 11.axb4 h6 12.Nd2 Nh5 13.Bb2 Nf8 14.Ra1 Rb8 15.Ra7 
Ne6 16.b5 Kh7 17.Qa4 Ng5 18.Nd5 Bh3 19.Qa5 Bxg2 20.Kxg2 Ne6 21.Ba3 f5 22.
b6 c6 23.Nc7 Re7 24.Qb4 Nxc7 25.Qxd6 Rd7 26.bxc7 Rxd6 27.cxd8=Q Rdxd8 28.
Bb4 Nf6 29.Bc3 Ne8 30.Nf3 e4 31.Ne5 Nd6 32.Ba1 Ra8 33.Nxc6 Rxa7 34.Nxa7 
exd3 35.exd3 Ra8 36.Bxg7 Kxg7 37.Nb5 Nxb5 38.cxb5 Ra5 39.Rb1 Kf6 40.Kf3 
Ke5 41.h4 b6 42.Rb4 g5 43.Ke3 Kd5 44.Rd4+ Ke6 45.Rc4 Rxb5 46.Rc6+ Ke5 47.
f4+ gxf4+ 48.gxf4+ Kd5 49.Rxh6 Kc5 50.Rf6 Kb4 51.h5 Ka5 52.h6 1-0

[Event "17th Reykjavik op"]
[Site "Reykjavik ISL"]
[Date "1996.03.03"]
[Round "2"]
[White "Schubert, Hans-Joachim"]
[Black "Olsen, Heini"]
[Result "0-1"]
[WhiteElo "2120"]
[BlackElo "2325"]
[EventDate "1996.03.02"]
[PlyCount "80"]

1.e4 c6 2.c4 d5 3.cxd5 cxd5 4.exd5 Nf6 5.Nc3 Nxd5 6.d4 e6 7.Nf3 Be7 8.Bd3 
O-O 9.O-O Nc6 10.a3 Bf6 11.Bc2 Nxc3 12.bxc3 b6 13.Qd3 g6 14.Bh6 Re8 15.Ba4
Bb7 16.Qe4 Qd6 17.Qg4 Red8 18.Ng5 Ne7 19.Ne4 Bxe4 20.Qxe4 Rac8 21.Qf3 Nd5 
22.Bd2 Bg7 23.Bb3 b5 24.Ra2 Qc6 25.Rc2 Nb6 26.Qg3 a5 27.Rfc1 a4 28.Ba2 Bf8
29.Bg5 Rd7 30.Bf6 Bxa3 31.Re1 Be7 32.Bxe7 Rxe7 33.Qh4 Qd6 34.Re3 b4 35.Rh3
f6 36.Re2 b3 37.Bb1 f5 38.g4 Nd5 39.gxf5 exf5 40.Bxf5 gxf5 0-1

[Event "17th Reykjavik op"]
[Site "Reykjavik ISL"]
[Date "1996.03.03"]
[Round "2"]
[White "Kjeld, Matthias"]
[Black "Halldorsson, Bragi"]
[Result "0-1"]
[WhiteElo "2155"]
[BlackElo "2265"]
[EventDate "1996.03.02"]
[PlyCount "73"]

1.Nf3 d5 2.c4 c6 3.d4 Nf6 4.Nc3 dxc4 5.a4 Bf5 6.e3 e6 7.Bxc4 Bb4 8.O-O 
Nbd7 9.Nd2 {Neu und ueberraschend, aber nicht besonders ueberzeugend.} 
9...Qc7 {Diese Reaktion gefaellt mir gar nicht. 9...Lg6 scheint mir 
empfehelenswerter, um den Bauern auf d4 unter Beschu@enswerter, zu halten;
auf 10.e4 folgt dann 10...Sb6.} 10.Qe2 O-O 11.e4 Bg6 12.e5 Nd5 13.Nde4 {
Wei@Sb6. hat nun eine vorzuegliche Stellung erreicht.} 13...h6 14.Bd2 Be7 
15.Rac1 N7b6 16.Bb3 Rad8 17.Nb5 Qb8 18.Nbc3 ( 18.Nbd6 Nc8 ) 18...Nc7 19.a5
Nbd5 20.f4 ( 20.Rfd1 $5 {Der Textzug ist positionell verdaechtig. Im 
Folgenden verliert Wei@ert den Faden.} ) 20...Qc8 21.Qf3 f5 22.exf6 Nxf6 
23.f5 Nfd5 24.Qg3 Bxf5 25.Bxh6 Rf7 26.Rce1 Qd7 27.Kh1 Rdf8 28.Rf3 Nxc3 29.
bxc3 Nd5 30.h3 Bxe4 31.Rxe4 Bd6 32.Qg6 Rxf3 33.gxf3 Rf6 34.Qg4 Rxh6 35.Re2
Qf7 36.Rh2 Qh5 37.Qg1 0-1